Model de senyalització del Servei de Desenvolupament Rural / Josep Alboquers Bosch
Descripción Física:
43, [121] p. : il., plànols ; 30 cm
MARC
| LEADER | 00000nam a2200000Ia 4500 | ||
|---|---|---|---|
| 001 | 20506 | ||
| 008 | 160829s1992 xx 000 0 cat d | ||
| 080 | |a M-6-47 | ||
| 100 | |a Alboquers Bosch, Josep |9 45762 | ||
| 245 | |a Model de senyalització del Servei de Desenvolupament Rural / Josep Alboquers Bosch | ||
| 260 | |a Barcelona : |b Diputació de Barcelona. Servei de Desenvolupament Rural, |c 1992 | ||
| 300 | |a 43, [121] p. : |b il., plànols ; |c 30 cm | ||
| 610 | 1 | 0 | |a Barcelona (Catalunya : Província). |b Diputació |9 52408 |
| 650 | |a Senyals i senyalització |x Barcelona (Província) |9 45763 | ||
| 650 | |a Rètols |x Barcelona (Província) I |9 45764 | ||
| 650 | |a Desenvolupament rural |x Barcelona (Província) |9 45765 | ||
| 710 | 1 | |a Barcelona (Catalunya : Província). |b Servei de Desenvolupament Rural |9 56548 | |
| 901 | |a Arxiu | ||
| 942 | |n 1 | ||
| 952 | |0 0 |1 0 |4 0 |6 M647 |7 1 |9 52797 |a Arxiu |b Arxiu |d 2016-12-01 |l 0 |o M-6-47 |p 20506 |r 2016-12-01 00:00:00 |w 2016-12-01 |y ARXIU | ||
| 999 | |c 56646 |d 56646 | ||